| 000 | 00690nam a2200241 a 4500 | ||
|---|---|---|---|
| 001 | 16259 | ||
| 003 | BD-RjUL | ||
| 005 | 20211209000003.0 | ||
| 008 | 140213s1981 ii b 100 0 eng d | ||
| 035 |
_a(BD-RjUL)16314 _aoxf990014707 |
||
| 040 |
_aDLC _cDLC _beng _dBD-RjUL |
||
| 041 | _aeng | ||
| 082 | 0 | 0 |
_a658.87 _219 _bREM 1981 |
| 100 | 1 |
_a Reddy, T. Subbi _950282 |
|
| 245 | 0 | 0 |
_aMarketing channels / _cT. Subbi Reddy. |
| 260 |
_aNew Delhi : _bS. Chand & co., _c1981. |
||
| 300 |
_a481 p. : _bill. ; _c24 cm. |
||
| 504 | _aIncludes bibliographies. | ||
| 650 | 0 |
_aMarketing channels _xCongresses _950283 |
|
| 942 |
_2ddc _cBK |
||
| 999 |
_c16259 _d16259 |
||